[Event "Dublin Gonzaga Masters"]
[Site "Dublin"]
[Date "2024.01.27"]
[Round "3"]
[White "Nemeth, Zalan"]
[Black "Mocic, Ivano"]
[Result "1-0"]
[WhiteElo "2237"]
[BlackElo "2008"]
[PlyCount "107"]
[EventDate "2024.01.26"]
[EventType "swiss"]
[EventRounds "5"]
[EventCountry "IRL"]
[SourceTitle "CB05_2024"]
[SourceDate "2024.01.31"]
[SourceVersion "1"]
[SourceVersionDate "2024.01.31"]
[SourceQuality "1"]

1. c4 Nf6 2. g3 e6 3. Bg2 Be7 4. Nf3 d5 5. 0-0 0-0 6. b3 c5 7. cxd5 exd5 8. d4 Nc6 9. Bb2 Ne4 10. Nbd2 Bf6 11. Nxe4 dxe4 12. Nd2 Bxd4 13. Bxd4 Nxd4 14. Nxe4 Qe7 15. e3 Ne6 16. Rc1 Rb8 17. f4 f5 18. Qd6 Qxd6 19. Nxd6 b6 20. Rfd1 g6 21. Bd5 Bd7 22. Bc4 Rfd8 23. Nxf5 gxf5 24. Rxd7 Rxd7 25. Bxe6+ Rf7 26. Rd1 Re8 27. Bxf7+ Kxf7 28. Kf2 Ke6 29. Kf3 Rc8 30. g4 c4 31. gxf5+ Kxf5 32. bxc4 Rxc4 33. Rd6 Rc3 34. a4 h5 35. h4 Ra3 36. Rh6 Rb3 37. a5 bxa5 38. Rxh5+ Kg6 39. Rxa5 Rb7 40. Kg4 Re7 41. Ra6+ Kg7 42. Kf3 Rf7 43. e4 Rb7 44. f5 Rb3+ 45. Kf4 Rb7 46. h5 Rf7 47. e5 Rb7 48. Kg5 Rc7 49. e6 Rb7 50. f6+ Kh7 51. e7 Rb5+ 52. Kf4 Rb4+ 53. Ke5 Rb1 54. Rxa7 1-0

[Event "London IM"]
[Site "London"]
[Date "2023.12.09"]
[Round "9"]
[White "Nemeth, Zalan"]
[Black "Pollack, Oscar"]
[Result "1/2-1/2"]
[WhiteElo "2279"]
[BlackElo "2118"]
[PlyCount "21"]
[EventDate "2023.12.05"]
[EventType "tourn"]
[EventRounds "9"]
[EventCountry "ENG"]
[SourceTitle "CB50_2023"]
[SourceDate "2023.12.13"]
[SourceVersion "1"]
[SourceVersionDate "2023.12.13"]
[SourceQuality "1"]
[WhiteTeam "Norm Seeker II"]
[BlackTeam "Norm Seeker"]
[WhiteTeamCountry "ENG"]
[BlackTeamCountry "ENG"]

1. e4 e6 2. d4 d5 3. Nd2 h6 4. Ngf3 Nf6 5. e5 Nfd7 6. Bd3 c5 7. c3 Nc6 8. 0-0 g5 9. dxc5 Bg7 10. Nd4 Nxc5 11. Bb5 1/2-1/2

[Event "London IM"]
[Site "London"]
[Date "2023.12.08"]
[Round "8"]
[White "Cherniaev, Alexander"]
[Black "Nemeth, Zalan"]
[Result "1-0"]
[WhiteElo "2381"]
[BlackElo "2279"]
[PlyCount "71"]
[EventDate "2023.12.05"]
[EventType "tourn"]
[EventRounds "9"]
[EventCountry "ENG"]
[SourceTitle "CB50_2023"]
[SourceDate "2023.12.13"]
[SourceVersion "1"]
[SourceVersionDate "2023.12.13"]
[SourceQuality "1"]
[WhiteTeam "GM/IM Team"]
[BlackTeam "Norm Seeker II"]
[WhiteTeamCountry "ENG"]
[BlackTeamCountry "ENG"]

1. Nf3 d5 2. g3 Nf6 3. Bg2 Bf5 4. c4 c6 5. Qb3 Qc8 6. Nc3 e6 7. d4 Bd6 8. Nd2 0-0 9. 0-0 Nbd7 10. Re1 Be7 11. e4 dxe4 12. Ndxe4 Nxe4 13. Nxe4 Nf6 14. Bg5 Bxe4 15. Bxe4 h6 16. Bxf6 Bxf6 17. d5 exd5 18. cxd5 cxd5 19. Bxd5 Qc7 20. Rac1 Qb6 21. Qxb6 axb6 22. Rc7 Rad8 23. Bb3 Bxb2 24. Ree7 Ba3 25. Bxf7+ Kh8 26. Red7 Rxd7 27. Rxd7 Bc5 28. Kg2 g6 29. f4 Kg7 30. Bd5+ Kf6 31. Kf3 g5 32. Rh7 gxf4 33. gxf4 Kg6 34. Be4+ Kh5 35. Rg7 Ra8 36. Kg3 1-0

[Event "London IM"]
[Site "London"]
[Date "2023.12.05"]
[Round "2"]
[White "Cerveny, Martin"]
[Black "Nemeth, Zalan"]
[Result "1-0"]
[WhiteElo "2390"]
[BlackElo "2279"]
[PlyCount "115"]
[EventDate "2023.12.05"]
[EventType "tourn"]
[EventRounds "9"]
[EventCountry "ENG"]
[SourceTitle "CB50_2023"]
[SourceDate "2023.12.13"]
[SourceVersion "1"]
[SourceVersionDate "2023.12.13"]
[SourceQuality "1"]
[WhiteTeam "GM/IM Team"]
[BlackTeam "Norm Seeker II"]
[WhiteTeamCountry "ENG"]
[BlackTeamCountry "ENG"]

1. Nf3 d5 2. c4 e6 3. d4 c6 4. e3 f5 5. Be2 Nf6 6. 0-0 Bd6 7. b3 Qe7 8. Bb2 0-0 9. Qc1 Nbd7 10. Ba3 e5 11. Bxd6 Qxd6 12. dxe5 Nxe5 13. Rd1 Nfg4 14. Nbd2 Be6 15. h3 Nxf3+ 16. Nxf3 Nf6 17. Ng5 Rad8 18. Nxe6 Qxe6 19. cxd5 Nxd5 20. Bc4 b5 21. Bf1 Rd7 22. Qc5 Rfd8 23. g3 Qd6 24. Rdc1 Qxc5 25. Rxc5 Ne7 26. a4 a6 27. axb5 axb5 28. Be2 Rd2 29. Bf3 Rb2 30. Bxc6 Nxc6 31. Rxc6 h6 32. Rc5 Rxb3 33. Ra7 Rd6 34. h4 Rg6 35. Rxf5 Rf6 36. Rxf6 gxf6 37. h5 Rb2 38. Kg2 b4 39. Rb7 b3 40. g4 Kf8 41. Kg3 Kg8 42. f3 Rb1 43. Kf4 b2 44. Ke4 Kf8 45. f4 Rg1 46. Rxb2 Rxg4 47. Kf5 Rg3 48. Kxf6 Kg8 49. e4 Rg4 50. Kf5 Rh4 51. e5 Kf8 52. Rb8+ Ke7 53. Rb7+ Kf8 54. e6 Ke8 55. Ke5 Rxh5+ 56. Kd6 Kf8 57. Rb8+ Kg7 58. e7 1-0

[Event "London IM"]
[Site "London"]
[Date "2023.12.05"]
[Round "1"]
[White "Nemeth, Zalan"]
[Black "Ribeiro, Gustavo"]
[Result "1-0"]
[WhiteElo "2279"]
[BlackElo "2187"]
[PlyCount "103"]
[EventDate "2023.12.05"]
[EventType "tourn"]
[EventRounds "9"]
[EventCountry "ENG"]
[SourceTitle "CB50_2023"]
[SourceDate "2023.12.13"]
[SourceVersion "1"]
[SourceVersionDate "2023.12.13"]
[SourceQuality "1"]
[WhiteTeam "Norm Seeker II"]
[BlackTeam "Norm Seeker III"]
[WhiteTeamCountry "ENG"]
[BlackTeamCountry "ENG"]

1. d4 d5 2. c4 dxc4 3. Nf3 Nf6 4. e3 e6 5. Bxc4 c5 6. 0-0 a6 7. Bb3 Nc6 8. Nc3 cxd4 9. exd4 Be7 10. Re1 0-0 11. a3 Na5 12. Bc2 b5 13. Qd3 Bb7 14. Bg5 g6 15. Ne5 Rc8 16. Qh3 Nh5 17. Bh6 Bg5 18. Bxf8 Nf4 19. Qg3 Nxg2 20. Re4 Bxe4 21. Bxe4 Nf4 22. Bc5 Nb3 23. Re1 Nxc5 24. dxc5 Rxc5 25. Nd3 Nxd3 26. Qxd3 Qxd3 27. Bxd3 Bd2 28. Ne4 Rc1 29. Rxc1 Bxc1 30. b3 Bxa3 31. Nf6+ Kg7 32. Ne8+ Kf8 33. Nc7 Bd6 34. Nxa6 b4 35. Kg2 f5 36. f4 Ke7 37. Kf3 h6 38. Ke3 Kf6 39. Kd4 Bxf4 40. h3 e5+ 41. Kc4 e4 42. Bf1 Bd6 43. Nxb4 g5 44. Nd5+ Ke5 45. Be2 f4 46. Bg4 f3 47. b4 Bxb4 48. Nxb4 Kf4 49. Kd4 Kg3 50. Nc2 f2 51. Ne3 Kh4 52. Nf5# 1-0

[Event "IRL-ch 102nd"]
[Site "Dublin"]
[Date "2023.08.11"]
[Round "7"]
[White "O'Cuilleanain, Oisin"]
[Black "Nemeth, Zalan"]
[Result "1-0"]
[WhiteElo "2097"]
[BlackElo "2240"]
[PlyCount "107"]
[EventDate "2023.08.05"]
[EventType "swiss"]
[EventRounds "9"]
[EventCountry "IRL"]
[SourceTitle "CBM 215 Extra"]
[Source "ChessBase"]
[SourceDate "2023.09.30"]
[SourceVersion "1"]
[SourceVersionDate "2023.09.30"]
[SourceQuality "1"]

1. e4 c5 2. Nf3 Nc6 3. Nc3 e5 4. Bc4 d6 5. d3 Be7 6. Nd2 Nf6 7. Nf1 Bg4 8. f3 Be6 9. Ne3 a6 10. a4 0-0 11. 0-0 Nd4 12. Ncd5 Rb8 13. Bd2 b5 14. axb5 axb5 15. Nxf6+ Bxf6 16. Bd5 Bg5 17. Bxe6 Bxe3+ 18. Bxe3 Nxe6 19. c3 d5 20. Qc2 d4 21. cxd4 exd4 22. Bd2 Qb6 23. b3 Rfc8 24. Qa2 Qc6 25. f4 c4 26. bxc4 Nc5 27. Qc2 bxc4 28. Qxc4 Qd7 29. Qd5 Qxd5 30. exd5 Nxd3 31. Ba5 Rb2 32. Rab1 Ra2 33. Bc7 Kf8 34. d6 Ke8 35. Rbd1 Nc5 36. Rfe1+ Kd7 37. Re7+ Kc6 38. Rxd4 Ne6 39. Rd1 Nxc7 40. dxc7 Ra7 41. Rxf7 Rcxc7 42. Rc1+ Kd6 43. Rfxc7 Rxc7 44. Rxc7 Kxc7 45. Kf2 Kd6 46. Ke3 Kd5 47. g4 g6 48. Kd3 Ke6 49. Ke4 Kf6 50. Kd5 h5 51. h3 hxg4 52. hxg4 Kf7 53. Ke5 Ke7 54. g5 1-0

[Event "IRL-ch 102nd"]
[Site "Dublin"]
[Date "2023.08.05"]
[Round "1"]
[White "Nemeth, Zalan"]
[Black "Putar, Lara"]
[Result "1-0"]
[WhiteElo "2240"]
[BlackElo "1960"]
[PlyCount "55"]
[EventDate "2023.08.05"]
[EventType "swiss"]
[EventRounds "9"]
[EventCountry "IRL"]
[SourceTitle "CBM 215 Extra"]
[Source "ChessBase"]
[SourceDate "2023.09.30"]
[SourceVersion "1"]
[SourceVersionDate "2023.09.30"]
[SourceQuality "1"]

1. d4 Nf6 2. c4 g6 3. Nc3 d5 4. cxd5 Nxd5 5. e4 Nxc3 6. bxc3 Bg7 7. Bc4 c5 8. Ne2 0-0 9. 0-0 cxd4 10. cxd4 Nc6 11. Be3 Na5 12. Bd3 Be6 13. d5 Bxa1 14. Qxa1 f6 15. Bh6 Re8 16. Nf4 Bf7 17. e5 g5 18. e6 gxf4 19. exf7+ Kxf7 20. Qd1 e5 21. dxe6+ Rxe6 22. Qh5+ Ke7 23. Bf5 Qd5 24. Bxf4 Re5 25. Bxe5 Qxe5 26. Rd1 Kf8 27. Qh6+ Kg8 28. Qxh7+ 1-0

[Event "Budapest SixDays 05 IM"]
[Site "Budapest"]
[Date "2023.06.01"]
[Round "9"]
[White "Nemeth, Zalan"]
[Black "Semprun Martinez, Fernando M"]
[Result "1/2-1/2"]
[WhiteElo "2289"]
[BlackElo "2125"]
[PlyCount "95"]
[EventDate "2023.05.27"]
[EventType "tourn"]
[EventRounds "9"]
[EventCountry "HUN"]
[SourceTitle "CBM 214 Extra"]
[Source "ChessBase"]
[SourceDate "2023.07.31"]
[SourceVersion "1"]
[SourceVersionDate "2023.07.31"]
[SourceQuality "1"]

1. d4 Nf6 2. c4 g6 3. Nc3 d5 4. Nf3 Bg7 5. h4 0-0 6. h5 Nxh5 7. cxd5 c6 8. Qb3 cxd5 9. Qxd5 Qxd5 10. Nxd5 Nc6 11. Bg5 e6 12. Ne7+ Nxe7 13. Bxe7 Re8 14. Bg5 Nf6 15. e3 Nd7 16. Bb5 a6 17. Bxd7 Bxd7 18. Ne5 Bb5 19. a4 Bc6 20. 0-0 h6 21. Nxc6 bxc6 22. Bf4 e5 23. dxe5 g5 24. Bg3 Bxe5 25. Bxe5 Rxe5 26. Rac1 c5 27. Rfd1 Kg7 28. Rd6 Re4 29. b3 Rb4 30. Rxc5 Rxb3 31. Rcc6 Ra3 32. Rxa6 Rxa6 33. Rxa6 Ra2 34. f3 f5 35. Ra7+ Kg6 36. Ra6+ Kg7 37. a5 Ra3 38. e4 fxe4 39. fxe4 Re3 40. Re6 Kf7 41. Kf2 Ra3 42. Rxh6 Rxa5 43. Rd6 Ra3 44. Rd5 Kf6 45. Rf5+ Kg6 46. Rf3 Ra2+ 47. Kg3 Re2 48. e5 1/2-1/2

[Event "Budapest Vezerkepzo Pentecost IM1"]
[Site "Budapest"]
[Date "2023.05.21"]
[Round "4"]
[White "To, Nhat Minh"]
[Black "Nemeth, Zalan"]
[Result "0-1"]
[WhiteElo "2359"]
[BlackElo "2289"]
[PlyCount "104"]
[EventDate "2023.05.18"]
[EventType "tourn"]
[EventRounds "9"]
[EventCountry "HUN"]
[SourceTitle "CBM 214 Extra"]
[Source "ChessBase"]
[SourceDate "2023.07.31"]
[SourceVersion "1"]
[SourceVersionDate "2023.07.31"]
[SourceQuality "1"]

1. c4 e6 2. g3 d5 3. Bg2 Nf6 4. Nf3 d4 5. 0-0 c5 6. e3 Nc6 7. exd4 cxd4 8. d3 h6 9. Re1 Bd6 10. Na3 0-0 11. Nc2 a5 12. b3 e5 13. Ba3 Re8 14. Bxd6 Qxd6 15. a3 Bf5 16. Rb1 Rad8 17. Nh4 Bh7 18. Bxc6 bxc6 19. f3 Nd7 20. b4 g5 21. Ng2 Qg6 22. Re4 axb4 23. axb4 Nf6 24. g4 Nxe4 25. fxe4 Kg7 26. b5 c5 27. Nge1 Qe6 28. Na1 Ra8 29. Nb3 Rec8 30. Rb2 f6 31. h3 Bg6 32. Nf3 Ra3 33. Nfd2 Qb6 34. Nb1 Ra7 35. Qf3 Rf8 36. Rf2 Be8 37. h4 gxh4 38. Qh3 Kg8 39. Qxh4 Rg7 40. Rg2 Bd7 41. Qxh6 Bxg4 42. N1d2 Qc7 43. Kf2 Kf7 44. Nf3 Rfg8 45. Nh4 Rg5 46. Nf5 Bxf5 47. Rxg5 Rxg5 48. exf5 e4 49. Qh7+ Rg7 50. Qh5+ Ke7 51. Qh4 e3+ 52. Kf1 Qe5 0-1

[Event "Dublin Irish New Year GM"]
[Site "Dublin"]
[Date "2023.01.08"]
[Round "8"]
[White "Turner, Matthew"]
[Black "Nemeth, Zalan"]
[Result "1-0"]
[WhiteElo "2451"]
[BlackElo "2246"]
[PlyCount "91"]
[EventDate "2023.01.04"]
[EventType "tourn"]
[EventRounds "9"]
[EventCountry "IRL"]
[EventCategory "6"]
[SourceTitle "CBM 212 Extra"]
[Source "ChessBase"]
[SourceDate "2023.03.31"]
[SourceVersion "1"]
[SourceVersionDate "2023.03.31"]
[SourceQuality "1"]

1. e4 e5 2. Nc3 Nf6 3. g3 d5 4. exd5 Nxd5 5. Bg2 Nxc3 6. bxc3 Nc6 7. Ne2 Bc5 8. 0-0 0-0 9. Rb1 Bb6 10. c4 Bg4 11. h3 Be6 12. d3 Qc8 13. Kh2 Rd8 14. Bd2 Rb8 15. Nc3 Qd7 16. Be3 Bxe3 17. fxe3 Ne7 18. Ne4 b6 19. Qh5 Bf5 20. g4 Bg6 21. Qxe5 Re8 22. Qg3 Bxe4 23. Bxe4 Qd6 24. Qxd6 cxd6 25. Rb5 Rbc8 26. Kg3 Kf8 27. a4 Nc6 28. Bxc6 Rxc6 29. e4 f6 30. a5 bxa5 31. Ra1 Re7 32. Raxa5 Rd7 33. Kf4 Kf7 34. Ke3 Ke7 35. Rb8 Kf7 36. Kd4 Ke7 37. Kd5 Rdc7 38. Rg8 Rc5+ 39. Rxc5 Rxc5+ 40. Kd4 Kf7 41. Rb8 Rc7 42. Kd5 Ke7 43. d4 h6 44. Rg8 Kf7 45. Rd8 Ke7 46. Rxd6 1-0

[Event "Wch U20 59th"]
[Site "Cala Gonone"]
[Date "2022.10.15"]
[Round "5"]
[White "Chukavin, Kirill"]
[Black "Nemeth, Zalan"]
[Result "1-0"]
[WhiteElo "2384"]
[BlackElo "2247"]
[PlyCount "127"]
[EventDate "2022.10.12"]
[EventType "swiss"]
[EventRounds "11"]
[EventCountry "ITA"]
[SourceTitle "CBM 210 Extra"]
[Source "ChessBase"]
[SourceDate "2022.11.30"]
[SourceVersion "1"]
[SourceVersionDate "2022.11.30"]
[SourceQuality "1"]

1. e4 e5 2. Nf3 Nf6 3. Nxe5 d6 4. Nf3 Nxe4 5. Bd3 d5 6. 0-0 Nc5 7. Re1+ Be7 8. Bf1 0-0 9. d4 Ne4 10. Bd3 Bf5 11. Nbd2 Nd6 12. Nf1 Nd7 13. Ng3 Bxd3 14. Qxd3 Re8 15. b3 Nf6 16. Ne5 Nfe4 17. Bf4 c6 18. c4 Nxg3 19. hxg3 Bg5 20. Bxg5 Qxg5 21. cxd5 cxd5 22. Qf3 Re6 23. Qxd5 Rae8 24. Qf3 Rf6 25. Qe3 Qh5 26. g4 Qh4 27. Nf3 Rxe3 28. Nxh4 Rxe1+ 29. Rxe1 Kf8 30. Nf3 Rf4 31. g5 Re4 32. Kf1 Rxe1+ 33. Kxe1 Ne4 34. Ke2 Ke7 35. Ke3 Nc3 36. a4 Nd1+ 37. Ke2 Nc3+ 38. Ke3 Nd1+ 39. Ke2 Nc3+ 40. Kd2 Ne4+ 41. Ke3 Nc3 42. Nd2 Ke6 43. Ne4 Nd5+ 44. Kf3 b6 45. g4 a6 46. Ng3 Nc3 47. Ne2 Na2 48. Ke4 Kd6 49. f4 b5 50. axb5 axb5 51. f5 g6 52. d5 Nb4 53. Nc3 Kc5 54. Ke5 Nd3+ 55. Kf6 b4 56. Na2 Kxd5 57. Kxf7 Ne5+ 58. Kg7 gxf5 59. gxf5 Nf3 60. Kxh7 Nxg5+ 61. Kg6 Ne4 62. Nxb4+ Kd4 63. Nc2+ Kc3 64. Na1 1-0

[Event "Wch U20 59th"]
[Site "Cala Gonone"]
[Date "2022.10.13"]
[Round "3"]
[White "Zemach, Nadav"]
[Black "Nemeth, Zalan"]
[Result "1/2-1/2"]
[WhiteElo "2293"]
[BlackElo "2247"]
[PlyCount "65"]
[EventDate "2022.10.12"]
[EventType "swiss"]
[EventRounds "11"]
[EventCountry "ITA"]
[SourceTitle "CBM 210 Extra"]
[Source "ChessBase"]
[SourceDate "2022.11.30"]
[SourceVersion "1"]
[SourceVersionDate "2022.11.30"]
[SourceQuality "1"]

1. d4 d5 2. c4 e6 3. Nf3 Nf6 4. g3 dxc4 5. Bg2 Bb4+ 6. Bd2 a5 7. a3 Bxd2+ 8. Nbxd2 b5 9. b3 cxb3 10. Qxb3 c6 11. 0-0 0-0 12. Rfc1 Bb7 13. Qb2 Nbd7 14. Ne1 Qb8 15. Nd3 Rc8 16. e4 Ba6 17. e5 Nd5 18. Ne4 N5b6 19. Qe2 Rc7 20. Nd6 Nc4 21. Nc5 Nxc5 22. dxc5 Qa7 23. a4 Rd8 24. axb5 cxb5 25. c6 a4 26. Nxc4 bxc4 27. Rxa4 Qb6 28. h4 Rxc6 29. Bxc6 Qxc6 30. Rxa6 Qxa6 31. Qxc4 Qxc4 32. Rxc4 h5 33. Rc7 1/2-1/2

[Event "Antwerp World Uni op"]
[Site "Antwerp"]
[Date "2022.09.15"]
[Round "7"]
[White "Verbovsky, Michal"]
[Black "Nemeth, Zalan"]
[Result "0-1"]
[WhiteElo "2055"]
[BlackElo "2249"]
[PlyCount "112"]
[EventDate "2022.09.12"]
[EventType "swiss"]
[EventRounds "9"]
[EventCountry "BEL"]
[SourceTitle "EXT 2023"]
[Source "ChessBase"]
[SourceDate "2022.10.05"]
[SourceVersion "1"]
[SourceVersionDate "2022.10.05"]
[SourceQuality "1"]

1. Nf3 c5 2. g3 d5 3. Bg2 Nf6 4. 0-0 Nc6 5. d4 e6 6. dxc5 Bxc5 7. c4 0-0 8. cxd5 Nxd5 9. Nc3 Nxc3 10. bxc3 Qa5 11. Qc2 h6 12. Nd2 Qc7 13. Nc4 e5 14. Ba3 Bxa3 15. Nxa3 Be6 16. Rfd1 Qa5 17. Qb2 Rab8 18. Nc2 Rfc8 19. Ne3 Ne7 20. c4 Rc5 21. Rab1 Bxc4 22. Nxc4 Rxc4 23. Rd7 Rc7 24. Rxc7 Qxc7 25. Qa3 b6 26. Rc1 Qd7 27. Qe3 Qd6 28. h4 Nf5 29. Qe4 Nd4 30. Kf1 Qa3 31. Rd1 Qc5 32. Qd5 Qxd5 33. Bxd5 Rd8 34. Be4 Kf8 35. Rc1 Ne6 36. Ke1 Nc5 37. Bc2 Rd4 38. Rb1 Ke7 39. e3 Rd6 40. Ke2 e4 41. Rb4 f5 42. f3 exf3+ 43. Kxf3 Rd2 44. Bb1 Kf6 45. a4 g5 46. hxg5+ hxg5 47. g4 fxg4+ 48. Kxg4 Rh2 49. e4 Rh4+ 50. Kf3 Rh3+ 51. Kg4 Rb3 52. Rb5 Ke5 53. Kxg5 Rxb5 54. axb5 Nxe4+ 55. Kg4 Kd4 56. Kf4 Nc3 0-1

[Event "Antwerp World Uni blitz op"]
[Site "Antwerp"]
[Date "2022.09.14"]
[Round "2"]
[White "Nemeth, Zalan"]
[Black "Martin, Nico"]
[Result "0-1"]
[WhiteElo "2010"]
[BlackElo "1689"]
[PlyCount "80"]
[EventDate "2022.09.14"]
[EventType "swiss (blitz)"]
[EventRounds "9"]
[EventCountry "BEL"]
[SourceTitle "CBM 210 Extra"]
[Source "ChessBase"]
[SourceDate "2022.11.30"]
[SourceVersion "1"]
[SourceVersionDate "2022.11.30"]
[SourceQuality "1"]

1. h4 c5 2. g3 d5 3. Bg2 Nc6 4. c4 d4 5. d3 Nf6 6. e4 Bg4 7. f3 Bd7 8. Bh3 e6 9. Ne2 Bd6 10. f4 Bc7 11. Nd2 Nh5 12. Nf3 f5 13. e5 g6 14. a3 Qe7 15. Bd2 a5 16. Kf2 h6 17. Bg2 Kf7 18. Nc1 Bd8 19. Na2 a4 20. b4 axb3 21. Qxb3 Ra7 22. Nc1 Bc7 23. Qb2 Rha8 24. Nb3 Na5 25. Rhb1 Bc6 26. Nxc5 Qxc5 27. Bb4 Qb6 28. Qc2 Qa6 29. Nxd4 Bxg2 30. Kxg2 Rd8 31. Bc3 Nc6 32. Nb5 Nxe5 33. Bxe5 Qc6+ 34. Kh3 Bxe5 35. Nxa7 Qf3 36. Rg1 Bxa1 37. Qb1 Bf6 38. Nb5 Rxd3 39. c5 Nxf4+ 40. Kh2 Rd2+ 0-1

[Event "Antwerp World Uni blitz op"]
[Site "Antwerp"]
[Date "2022.09.14"]
[Round "3"]
[White "Wagner, Gerald"]
[Black "Nemeth, Zalan"]
[Result "0-1"]
[WhiteElo "1749"]
[BlackElo "2010"]
[PlyCount "51"]
[EventDate "2022.09.14"]
[EventType "swiss (blitz)"]
[EventRounds "9"]
[EventCountry "BEL"]
[SourceTitle "CBM 210 Extra"]
[Source "ChessBase"]
[SourceDate "2022.11.30"]
[SourceVersion "1"]
[SourceVersionDate "2022.11.30"]
[SourceQuality "1"]

1. e4 h5 2. d4 e6 3. Bd3 d5 4. e5 Ne7 5. c3 b6 6. Qe2 a5 7. Nf3 Ba6 8. Bg5 Qd7 9. Nbd2 Bxd3 10. Qxd3 Nf5 11. h4 c5 12. 0-0 b5 13. Rfd1 c4 14. Qe2 Nc6 15. Nf1 Rb8 16. b3 Be7 17. a4 b4 18. bxc4 Bxg5 19. Nxg5 bxc3 20. cxd5 Qxd5 21. Ne3 Ncxd4 22. Qa6 Qc6 23. Qa7 Ra8 24. Qxf7+ Kd8 25. Nxe6+ Kc8 26. Nxg7 0-1

[Event "Antwerp World Uni op"]
[Site "Antwerp"]
[Date "2022.09.13"]
[Round "4"]
[White "Nemeth, Zalan"]
[Black "Gholami Orimi, Mahdi"]
[Result "1/2-1/2"]
[WhiteElo "2249"]
[BlackElo "2428"]
[PlyCount "125"]
[EventDate "2022.09.12"]
[EventType "swiss"]
[EventRounds "9"]
[EventCountry "BEL"]
[SourceTitle "EXT 2023"]
[Source "ChessBase"]
[SourceDate "2022.10.05"]
[SourceVersion "1"]
[SourceVersionDate "2022.10.05"]
[SourceQuality "1"]

1. c4 e5 2. g3 f5 3. d4 exd4 4. Qxd4 Nc6 5. Qe3+ Be7 6. Bg2 Nf6 7. Nc3 0-0 8. Nh3 d6 9. Nf4 Ne5 10. b3 c6 11. Bb2 Re8 12. 0-0 Bf8 13. Qd2 Bd7 14. Rad1 Qc7 15. h3 Rad8 16. Rfe1 a6 17. Qc2 Nf7 18. Kh2 Ng5 19. e3 Bc8 20. Kg1 Qf7 21. Na4 Nge4 22. Nc3 Nc5 23. Ba3 g5 24. Nfe2 h6 25. Bb2 Qg6 26. b4 Ncd7 27. Nd4 Ne5 28. Nb1 Nh7 29. f4 Nf7 30. g4 Bg7 31. Nxf5 Bxf5 32. gxf5 Qh5 33. Bxg7 Kxg7 34. Nd2 gxf4 35. exf4 Qh4 36. Re6 Nf8 37. Qc3+ Kg8 38. Rxe8 Rxe8 39. Ne4 Nh7 40. Qd4 Kf8 41. Rf1 Rd8 42. Rf3 Re8 43. Rg3 Rxe4 44. Qg7+ Ke7 45. Bxe4 Nf6 46. Bg2 Qxf4 47. Rf3 Qd4+ 48. Kh1 h5 49. Rf1 Qe3 50. c5 d5 51. Bf3 h4 52. Qg1 Qd3 53. Re1+ Kf8 54. Qe3 Qxf5 55. Qe7+ Kg8 56. Rg1+ Ng5 57. Bg2 Nfe4 58. Qd8+ Kg7 59. Qc7+ Kh6 60. Bxe4 Qxe4+ 61. Rg2 Qe1+ 62. Rg1 Qe4+ 63. Rg2 1/2-1/2